000 00619nam a2200241Ia 4500
003 OSt
005 20220918230639.0
006 a|||||r|||| 00| 0
007 ta
008 220917b |||||||| |||| 00| 0 eng d
024 _a256,874
037 _cTextual
040 _aARTS
_cARTS
_beng
041 _2eng
_aeng
082 _aR6, M1
100 _aSingh Balbir
_981520
245 0 _aDharma
_b Man, religion and society
260 _aLondon
_bArnold-Heinemann UK
_c1981
300 _a144p.
_ccm.
650 _aPHILOSOPHY
942 _hR6, M1
_cTEXL
_2CC
999 _c288583
_d288583